000 01278nam a2200313 i 4500
003 DO-SdBNP
005 20260701150303.0
007 ta
008 260701b2025 dr ||||| |||| 00| 0 spa d
020 _a9789945623383
040 _aDO-SdBNP
_bspa
_cBNPHU
_erda
041 _aspa
082 4 _axxx
_bF281g
_222
100 _aFaxas, Laura
_eautor
_4aut.
_913228
245 1 0 _aGuía práctica de las organizaciones internacionales con sede en Viena, Austria /
_cLaura Faxas ; cuidado de edición, Enrique Soldevilla Enríquez ; prólogo, Rubén Silié
250 _aPrimera edición
264 _aSanto Domingo, República Dominicana :
_bInstituto de Educación Superior en Formación Diplomática y Consular (INESDYC),
_c2025.
300 _a59 páginas :
_bilustraciones, cuadros ;
_c27 cm.
336 _atexto
_btxt
_2rdacontent
337 _asin mediación
_bn
_2rdamedia
338 _avolumen
_bnc
_2rdacarrier
500 _aIncluye datos biográficos de la autora en la contracubierta
500 _aIncluye referencias bibliográficas y notas al pie de las páginas
590 _aInventariado, 2026 /LP
700 1 _aSoldevilla Enríquez, Enrique,
_eedición
_4ed.
_983038
700 1 _aSilié, Rubén,
_eprologuista
_4pr.
_987274
910 _aLP
942 _2ddc
_cLBS1
999 _c60988
_d60988